| 000 | 00000nam##2200000za#4500 |
| 001 | 9.573753 |
| 003 | CaOODSP |
| 005 | 20210624183842 |
| 007 | cr ||||||||||| |
| 008 | 150406|1990||||xxc|||||o f|0| 0 eng|d |
| 022 | |a1488-5379 |
| 040 | |aCaOODSP|beng |
| 043 | |an-cn--- |
| 086 | 1 |aFs97-6/1757E-PDF |
| 110 | 1 |aCanada.|bDepartment of Fisheries and Oceans. |bFish Habitat Management Branch. |
| 245 | 10|aAnnual distribution and preliminary characterization of beluga (Delphinapterus leucas) habitats in the St. Lawrence / |h[electronic resource]|c[by] R. Michaud ... [et al.]. |
| 260 | |aQuébec - Quebec : |bFisheries and Oceans Canada. |cSeptember 1990. |
| 300 | |a42p.|bmaps, references, tables |
| 490 | 1 |aCanadian technical report of fisheries and aquatic sciences|x1488-5379|vNo. 1757 |
| 500 | |aThe catalogue number (Fs97-6/1757E) and ISSN (0706-6570) for the print edition have been incorrectly copied in this electronic publication. |
| 546 | |a(Résumé en français) |
| 590 | |a12-22-Supp|b2012-05-24 |
| 720 | 1 |aMichaud, R. |
| 775 | 08|tDistribution annuelle et caractérisation préliminaire des habitats du béluga (Delphinapterus leucas) du Saint-Laurent / |w(CaOODSP)9.603983 |
| 776 | 0#|tAnnual distribution and preliminary characterization of beluga (Delphinapterus leucas) habitats in the St. Lawrence / |w(CaOODSP)9.610048 |
| 830 | #0|aCanadian technical report of fisheries and aquatic sciences,|x1488-5379|vNo. 1757|w(CaOODSP)9.504449 |
| 856 | 40|ahttp://publications.gc.ca|qPDF|s1.62 MB|uhttps://publications.gc.ca/collections/collection_2012/mpo-dfo/Fs97-6-1757-eng.pdf|yNo. 1757 |